000 00590nam a2200217Ia 4500
003 OSt
005 20251113120958.0
008 220917b |||||||| |||| 00| 0 eng d
037 _cTB
040 _aARTS
_cARTS
_beng
041 _2eng
_aeng
084 _aU8.41.N38 L3-;1
_qAL
100 _aAuden, W H
_9851120
245 0 _aJourney to a war
260 _aLondon, UK:
_bFaber and Faber;
_c1973.
300 _a272p.
_ccm.
650 _aGEOGRAPHY
_9851121
700 _aIsherwood, C
_912157
942 _hU8.41.N38 L3-;1
_cTB
_2CC
_n0
999 _c213668
_d213668